Libro de música para piano: jóvenes pianistas
Enregistré dans:
| Auteurs principaux: | , , |
|---|---|
| Format: | Livre |
| Langue: | espagnol |
| Publié: |
Mendoza
Universidad Nacional de Cuyo
2001
|
| Sujets: | |
| Tags: |
Ajouter un tag
Pas de tags, Soyez le premier à ajouter un tag!
|
MARC
| LEADER | 00000nam a2200000 a 4500 | ||
|---|---|---|---|
| 001 | UCK2663 | ||
| 003 | CL-VaPUC | ||
| 008 | 050311e20010000AG |||||||||||||||||spa|d | ||
| 020 | |a 9879820150 | ||
| 082 | 0 | 4 | |a Pn780.76 |b DEM |2 21 |
| 100 | 0 | |a De Marinis, Dora |e author |9 490539 | |
| 700 | 0 | |a Thome de Guisasola, Lucía |e author |9 490540 | |
| 700 | 0 | |a Basso, Gloria M |e author |9 490541 | |
| 245 | 1 | 0 | |a Libro de música para piano: jóvenes pianistas |
| 300 | |a 124 p | ||
| 942 | |c BK | ||
| 945 | |d 20050311 00:00:00 |a cmena | ||
| 260 | |a Mendoza |b Universidad Nacional de Cuyo |c 2001 | ||
| 650 | 0 | |a Música para piano |9 306528 | |
| 650 | 0 | |a Estudio e instrucción |9 306288 | |
| 650 | 0 | |a Métodos de enseñanza |9 270413 | |
| 583 | |a last modification |c 20050311 00:00:00 |k Rodrigo Vera | ||
| 999 | |c 312098 |d 312096 | ||
| 952 | |0 0 |1 0 |4 0 |6 PN_780_760000000000000_DEM_2001 |7 0 |8 X |9 381964 |a BIBEDU |b BIBEDU |d 2019-11-21 |i 4096223 |l 1 |o Pn780.76 DEM 2001 |p 4096223 |r 2023-11-22 |s 2023-03-30 |w 2019-11-21 |y BK_X |k MUS | ||
| 952 | |0 0 |1 0 |4 0 |6 PN_780_760000000000000_DEM_2001 |7 0 |8 X |9 381965 |a BIBEDU |b BIBEDU |d 2019-11-21 |i 4324897 |o Pn780.76 DEM 2001 |p 4324897 |r 2023-11-22 |w 2019-11-21 |y BK_X |k MUS | ||
| 952 | |0 0 |1 0 |4 0 |6 PN_780_760000000000000_DEM_2001 |7 0 |8 X |9 381966 |a BIBEDU |b BIBEDU |d 2019-11-21 |i 4324900 |o Pn780.76 DEM 2001 |p 4324900 |r 2023-11-22 |w 2019-11-21 |y BK_X |k MUS | ||